[Event "BL 1819 SG Turm Kiel - SV 1920 Hofheim"]
[Site "?"]
[Date "2018.12.16"]
[Round "6.2"]
[White "Dziuba, Marcin"]
[Black "Perske, Thore"]
[Result "1/2-1/2"]
[WhiteElo "2565"]
[BlackElo "2444"]
[PlyCount "81"]
[EventDate "2018.??.??"]

1. d4 Nf6 2. c4 g6 3. g3 Bg7 4. Bg2 O-O 5. Nf3 d6 6. Nc3 c6 7. O-O Qb6 8. Re1
Bg4 9. h3 Bxf3 10. Bxf3 Nfd7 11. e3 Na6 12. Rb1 e5 13. b4 exd4 14. Na4 Qc7 15.
exd4 Rae8 16. Rxe8 Rxe8 17. Bf4 Nb6 18. Nxb6 Qxb6 19. c5 dxc5 20. bxc5 Qa5 21.
Kg2 Rd8 22. Bd6 b6 23. Bxc6 bxc5 24. dxc5 Nxc5 25. Rb8 Bf8 26. Qd5 Bxd6 27.
Qxd6 Ne6 28. Rxd8+ Qxd8 29. Qxd8+ Nxd8 30. Bd5 Kf8 31. Kf3 Ke7 32. Ke4 Ne6 33.
h4 Kd6 34. Bxe6 Kxe6 35. g4 h6 36. f4 h5 37. g5 f5+ 38. Kd4 Kd6 39. a3 a6 40.
a4 a5 41. Kc4 1/2-1/2

[Event "BL 1819 SG Turm Kiel - SV 1920 Hofheim"]
[Site "?"]
[Date "2018.12.16"]
[Round "6.3"]
[White "Hickl, Joerg"]
[Black "Khenkin, Igor"]
[Result "1/2-1/2"]
[WhiteElo "2547"]
[BlackElo "2543"]
[PlyCount "40"]
[EventDate "2018.??.??"]

1. g3 d5 2. Nf3 c5 3. Bg2 Nc6 4. c4 d4 5. O-O e5 6. d3 Nge7 7. Na3 Ng6 8. Nc2
Be7 9. e3 O-O 10. a3 a5 11. b3 Bf5 12. e4 Be6 13. h4 Bg4 14. Qe1 Re8 15. Nh2
Be6 16. Bd2 Rb8 17. a4 Nb4 18. Nxb4 cxb4 19. h5 Nf8 20. f4 exf4 1/2-1/2

[Event "BL 1819 SG Turm Kiel - SV 1920 Hofheim"]
[Site "?"]
[Date "2018.12.16"]
[Round "6.4"]
[White "Rasmussen, Allan Stig"]
[Black "Savchenko, Stanislav"]
[Result "0-1"]
[WhiteElo "2545"]
[BlackElo "2461"]
[PlyCount "76"]
[EventDate "2018.??.??"]

1. c4 c6 2. e4 d5 3. exd5 cxd5 4. d4 Nf6 5. Nc3 g6 6. Qb3 Bg7 7. cxd5 O-O 8.
Be2 Na6 9. Bf3 Qb6 10. Nge2 Rd8 11. O-O Qxb3 12. axb3 Nc7 13. Ra5 b6 14. d6
exd6 15. Ra2 d5 16. Bf4 Ne6 17. Rfa1 a6 18. Be5 Bb7 19. b4 Rac8 20. b5 a5 21.
h4 Ne4 22. Na4 Bxe5 23. dxe5 d4 24. Nxb6 Rc5 25. Rd1 Rxb5 26. Nc4 Bd5 27. Ra4
N4c5 28. Bxd5 Nxa4 29. Bxe6 fxe6 30. Rd2 Nb6 31. Nxb6 Rxb6 32. Nf4 d3 33. Kf1
a4 34. Nxd3 Rb4 35. g3 Re4 36. Re2 Rxe2 37. Kxe2 Rb8 38. Ke3 Rxb2 0-1

[Event "BL 1819 SG Turm Kiel - SV 1920 Hofheim"]
[Site "?"]
[Date "2018.12.16"]
[Round "6.5"]
[White "Ginsburg, Gennadi"]
[Black "Glud, Jakob Vang"]
[Result "1/2-1/2"]
[WhiteElo "2431"]
[BlackElo "2548"]
[PlyCount "46"]
[EventDate "2018.??.??"]

1. e4 e5 2. Nf3 Nc6 3. Bb5 a6 4. Ba4 Nf6 5. O-O Be7 6. Re1 b5 7. Bb3 d6 8. c3
O-O 9. h3 Na5 10. Bc2 c5 11. d4 Qc7 12. Nbd2 Bd7 13. Nf1 Nc4 14. a4 cxd4 15. b3
d3 16. Qxd3 Na5 17. axb5 axb5 18. Ne3 Rac8 19. Ba3 Be6 20. Nd2 Qb6 21. c4 Nc6
22. cxb5 Nd4 23. Ndc4 Qxb5 1/2-1/2

[Event "BL 1819 SG Turm Kiel - SV 1920 Hofheim"]
[Site "?"]
[Date "2018.12.16"]
[Round "6.6"]
[White "Jakubiec, Artur"]
[Black "Lobzhanidze, Davit"]
[Result "1/2-1/2"]
[WhiteElo "2497"]
[BlackElo "2423"]
[PlyCount "252"]
[EventDate "2018.??.??"]

1. e4 e5 2. Nf3 Nc6 3. Bc4 Bc5 4. O-O d6 5. c3 Nf6 6. d3 a6 7. Bb3 Ba7 8. Nbd2
O-O 9. h3 Nh5 10. Nc4 Qf6 11. Ne3 Nf4 12. Nd5 Nxd5 13. Bxd5 h6 14. Be3 Ne7 15.
Bb3 Ng6 16. Kh2 Qe7 17. g4 Be6 18. Rg1 Bxb3 19. axb3 Bxe3 20. fxe3 Rad8 21. g5
h5 22. Nd2 h4 23. Qh5 d5 24. Raf1 d4 25. exd4 exd4 26. c4 b5 27. Rf5 bxc4 28.
bxc4 Rb8 29. b3 a5 30. e5 Qe6 31. Rgf1 Ne7 32. R5f2 Qxe5+ 33. Kh1 Ng6 34. Re2
Qg3 35. Qf3 Qxf3+ 36. Rxf3 Rfe8 37. Re4 Ne5 38. Rf1 Nxd3 39. Rxd4 Rbd8 40. Nf3
Rxd4 41. Nxd4 Re3 42. Nf5 Re5 43. g6 fxg6 44. Nxh4 Re3 45. Nxg6 Nc5 46. Rf8+
Kh7 47. Nf4 Nxb3 48. Rb8 a4 49. Ra8 Re4 50. Nd3 Rxc4 51. Kg2 Rd4 52. Ne1 Nc5
53. Ra7 Rc4 54. Nf3 Nd7 55. Ng5+ Kg6 56. Ne6 Nb6 57. Nxc7 Kf5 58. Nb5 Rb4 59.
Nc3 g5 60. Ra5+ Kf4 61. Ne2+ Ke3 62. Nc3 Kf4 63. Ne2+ Ke3 64. Nc3 Kd4 65. Nxa4
Nxa4 66. Rxg5 Rb2+ 67. Kf3 Rb3+ 68. Kg4 Nc5 69. Rg8 Rb1 70. Ra8 Ke5 71. Ra5 Rc1
72. h4 Kf6 73. h5 Rc4+ 74. Kf3 Kg5 75. h6 Kxh6 76. Ra8 Kg5 77. Rf8 Ne6 78. Rf7
Kg6 79. Ra7 Kf5 80. Ke3 Rc3+ 81. Kd2 Rh3 82. Re7 Ke5 83. Re8 Kd5 84. Ke2 Nd4+
85. Kd2 Nf3+ 86. Kc2 Ne5 87. Rd8+ Ke4 88. Re8 Rh5 89. Kc3 Kd5 90. Kc2 Nc6 91.
Kd3 Rh3+ 92. Ke2 Kd4 93. Ra8 Ne5 94. Ra4+ Nc4 95. Kf2 Rc3 96. Ra8 Ke4 97. Ra4
Kf4 98. Ke2 Re3+ 99. Kf2 Re4 100. Rb4 Rd4 101. Ke2 Rd2+ 102. Ke1 Rc2 103. Kd1
Rc3 104. Ke2 Ke4 105. Kf2 Kf5 106. Ke2 Nd6 107. Rb8 Ke4 108. Rb4+ Nc4 109. Kf2
Rc2+ 110. Kg3 Kf5 111. Kf3 Rc3+ 112. Ke2 Nd6 113. Rb8 Kf4 114. Rd8 Nf5 115. Kd2
Rh3 116. Re8 Nd6 117. Re7 Nc4+ 118. Kc2 Ne5 119. Re8 Ke4 120. Rd8 Nc6 121. Rg8
Nd4+ 122. Kd2 Rd3+ 123. Kc1 Rc3+ 124. Kb2 Rb3+ 125. Ka2 Rb7 126. Rh8 Ne2
1/2-1/2

[Event "BL 1819 SG Turm Kiel - SV 1920 Hofheim"]
[Site "?"]
[Date "2018.12.16"]
[Round "6.7"]
[White "Margolin, Boris"]
[Black "Pakleza, Zbigniew"]
[Result "1/2-1/2"]
[WhiteElo "2391"]
[BlackElo "2506"]
[PlyCount "111"]
[EventDate "2018.??.??"]

1. e4 c6 2. d4 d5 3. Nc3 dxe4 4. Nxe4 Nf6 5. Nxf6+ gxf6 6. c3 h5 7. Be3 Bf5 8.
h4 e6 9. Ne2 Nd7 10. Ng3 Bg6 11. Be2 Qb6 12. b4 a5 13. a3 Bd6 14. f4 f5 15. Nf1
Nf6 16. g3 Ne4 17. c4 axb4 18. c5 Qa5 19. cxd6 b3+ 20. Nd2 b2 21. Rb1 Nc3 22.
Qc2 Nxb1 23. Qxb1 Qc3 24. Kf2 Rxa3 25. Nc4 Ra1 26. Rf1 Rxb1 27. Rxb1 O-O 28.
Kf3 f6 29. Nxb2 e5 30. dxe5 Bf7 31. Nd3 b5 32. Rc1 Qa3 33. Nc5 Qa2 34. Kf2 fxe5
35. fxe5 Qd5 36. Nd7 Be6 37. Nxf8 Kxf8 38. Rd1 Qxe5 39. d7 Bxd7 40. Rxd7 Qb2
41. Rd2 Qc3 42. Rd1 b4 43. Rc1 Qf6 44. Bc5+ Kg8 45. Rd1 Qc3 46. Bd4 Qc2 47. Ke1
c5 48. Bd3 Qb3 49. Bf2 Qe6+ 50. Be2 c4 51. Rd8+ Kf7 52. Bc5 Qe5 53. Rd7+ Kg6
54. Rd6+ Kh7 55. Rd7+ Kg6 56. Rd6+ 1/2-1/2

[Event "BL 1819 SG Turm Kiel - SV 1920 Hofheim"]
[Site "?"]
[Date "2018.12.16"]
[Round "6.8"]
[White "Junge, Ralph"]
[Black "Brendel, Oliver"]
[Result "1-0"]
[WhiteElo "2274"]
[BlackElo "2343"]
[PlyCount "87"]
[EventDate "2018.??.??"]

1. d4 Nf6 2. Bg5 e6 3. e4 d5 4. e5 h6 5. Be3 Nfd7 6. f4 c5 7. Nf3 Qb6 8. Nc3
Nc6 9. Na4 Qa5+ 10. c3 b5 11. Nxc5 Nxc5 12. b4 Nxb4 13. cxb4 Qxb4+ 14. Bd2 Ne4
15. Rb1 Nxd2 16. Bxb5+ Kd8 17. Rxb4 Nxf3+ 18. Kf2 Bxb4 19. Kxf3 a5 20. Qa4 g5
21. Rb1 g4+ 22. Ke3 Bf8 23. Bc6 Ra7 24. Rb8 f5 25. exf6 Bd6 26. Ra8 Rxa8 27.
Bxa8 Rf8 28. Qxa5+ Bc7 29. Qc5 Rxf6 30. g3 Bd7 31. Kd3 h5 32. Bc6 Bc8 33. a4 h4
34. a5 h3 35. Qb5 Rf7 36. a6 Bd6 37. Bb7 Bd7 38. Qb6+ Bc7 39. Qc5 Bb8 40. a7
Bxa7 41. Qxa7 Bb5+ 42. Kd2 Rc7 43. Qb8+ Kd7 44. Bxd5 1-0

[Event "BL 1819 Hamburger SK - SV Hockenheim"]
[Site "?"]
[Date "2019.02.02"]
[Round "7.1"]
[White "Cheparinov, Ivan"]
[Black "Grandelius, Nils"]
[Result "1/2-1/2"]
[WhiteElo "2691"]
[BlackElo "2682"]
[PlyCount "89"]
[EventDate "2019.??.??"]

1. c4 e6 2. g3 d5 3. Bg2 Nf6 4. Nf3 dxc4 5. Qa4+ Bd7 6. Qxc4 c5 7. Ne5 Qc8 8.
Qd3 Nc6 9. Nxd7 Nxd7 10. b3 Be7 11. Bb2 O-O 12. Nc3 Rd8 13. Rc1 Nf6 14. Qb1 Qd7
15. d3 Nd4 16. O-O Nd5 17. Rfe1 Nxc3 18. Bxc3 Rac8 19. e3 Nf5 20. Red1 b6 21.
Qb2 Bf8 22. Qe2 Qe7 23. Rc2 g6 24. Rdc1 Qd7 25. Bf1 Bg7 26. Be1 Ne7 27. b4 cxb4
28. Bxb4 Rxc2 29. Rxc2 Nd5 30. Be1 Rc8 31. d4 Bf8 32. Rc4 a5 33. Rxc8 Qxc8 34.
e4 Nb4 35. Qc4 Qxc4 36. Bxc4 a4 37. Bd2 Nc2 38. d5 exd5 39. exd5 Nd4 40. Be3
Bc5 41. d6 Kf8 42. d7 Ke7 43. Bxd4 Bxd4 44. Bb5 a3 45. Kg2 1/2-1/2

[Event "BL 1819 Hamburger SK - SV Hockenheim"]
[Site "?"]
[Date "2019.02.02"]
[Round "7.2"]
[White "Svane, Rasmus"]
[Black "Saric, Ivan"]
[Result "1/2-1/2"]
[WhiteElo "2594"]
[BlackElo "2690"]
[PlyCount "164"]
[EventDate "2019.??.??"]

1. d4 d5 2. c4 c6 3. cxd5 cxd5 4. Bg5 h6 5. Bh4 Qb6 6. Nc3 e6 7. Qd2 Bd7 8. e3
Bc6 9. f3 Nd7 10. Bd3 Ngf6 11. Nge2 Be7 12. Bf2 O-O 13. O-O a5 14. h3 a4 15. a3
Qa5 16. Rad1 b5 17. Na2 Qxd2 18. Rxd2 Nb6 19. Rc2 Nc4 20. Be1 Rfe8 21. Kf2 Bd8
22. Bc3 Nd7 23. Rd1 Ndb6 24. Nb4 Bb7 25. Bd2 Bh4+ 26. g3 Be7 27. Bxc4 Nxc4 28.
Nc3 Bxb4 29. axb4 Rac8 30. Rdc1 e5 31. Nb1 exd4 32. exd4 Rc6 33. Re1 Rec8 34.
Na3 Nxa3 35. Rxc6 Bxc6 36. bxa3 Bd7 37. g4 Rc2 38. Re2 Be6 39. Ke3 Rb2 40. Bc1
Rb3+ 41. Kf2 Rc3 42. Bb2 Rc4 43. h4 h5 44. gxh5 Kh7 45. Re1 Bf5 46. Ke3 Rc2 47.
Re2 Rc6 48. Kd2 f6 49. Bc3 Be6 50. Re3 Kh6 51. Ke2 Kxh5 52. Be1 Rc2+ 53. Kf1
Bh3+ 54. Kg1 Rg2+ 55. Kh1 Rb2 56. Kg1 Rb3 57. Rc3 Rxc3 58. Bxc3 Kxh4 59. Be1+
Kh5 60. Kf2 Be6 61. Kg3 g5 62. Bd2 Kg6 63. Kf2 Bf7 64. Bc1 Kf5 65. Bd2 Be8 66.
Ke3 g4 67. Be1 gxf3 68. Kxf3 Bh5+ 69. Ke3 Kg4 70. Bf2 f5 71. Kd2 f4 72. Ke2
Kh3+ 73. Kd2 Kg2 74. Ke1 Kf3 75. Bg1 Bg4 76. Bf2 Ke4 77. Kd2 Kf3 78. Ke1 Bf5
79. Bg1 Kg3 80. Bf2+ Kg2 81. Bh4 f3 82. Bf2 Bd3 1/2-1/2

[Event "BL 1819 Hamburger SK - SV Hockenheim"]
[Site "?"]
[Date "2019.02.02"]
[Round "7.3"]
[White "Ponomariov, Ruslan"]
[Black "Huschenbeth, Niclas"]
[Result "1-0"]
[WhiteElo "2664"]
[BlackElo "2585"]
[PlyCount "89"]
[EventDate "2019.??.??"]

1. d4 d5 2. c4 e6 3. Nf3 Nf6 4. Nc3 c5 5. cxd5 Nxd5 6. e4 Nxc3 7. bxc3 cxd4 8.
cxd4 Bb4+ 9. Bd2 Bxd2+ 10. Qxd2 O-O 11. Rc1 b6 12. Bd3 Bb7 13. Qe3 Nd7 14. e5
h6 15. O-O Rc8 16. Nd2 Qg5 17. Ne4 Bxe4 18. Bxe4 Qxe3 19. fxe3 f6 20. exf6 Nxf6
21. Bb7 Rxc1 22. Rxc1 Nd5 23. e4 Nf4 24. Rc2 Rd8 25. d5 exd5 26. g3 Nd3 27.
Bxd5+ Kh7 28. Rc7 Nc5 29. Kf2 Rd7 30. Rc8 Re7 31. Ke3 Kg6 32. Kd4 Ne6+ 33. Bxe6
Rxe6 34. e5 Re7 35. Rf8 Rd7+ 36. Kc4 b5+ 37. Kc5 b4 38. e6 Rb7 39. Rf2 a5 40.
Kd6 Rb6+ 41. Kd7 Rb7+ 42. Kd8 Rb5 43. e7 Rd5+ 44. Kc7 Re5 45. Kd7 1-0

[Event "BL 1819 Hamburger SK - SV Hockenheim"]
[Site "?"]
[Date "2019.02.02"]
[Round "7.4"]
[White "Miton, Kamil"]
[Black "Moiseenko, Alexander"]
[Result "1/2-1/2"]
[WhiteElo "2589"]
[BlackElo "2640"]
[PlyCount "59"]
[EventDate "2019.??.??"]

1. d4 Nf6 2. c4 e6 3. Nf3 b6 4. g3 Bb7 5. Bg2 Bb4+ 6. Bd2 c5 7. Bxb4 cxb4 8.
O-O O-O 9. Qd3 d6 10. Nbd2 Qc7 11. Ne1 Bxg2 12. Kxg2 Nc6 13. Nc2 a5 14. Rfd1 e5
15. e4 Rac8 16. Rac1 Rfd8 17. Nf1 Qb7 18. f3 Nd7 19. Nfe3 Nf8 20. h4 h5 21. Nf5
g6 22. Nfe3 Kg7 23. Kh2 Qb8 24. Qf1 Ne7 25. Rd2 Ne6 26. Rcd1 Qb7 27. Re1 Rd7
28. Red1 Rdd8 29. Re1 Rd7 30. Red1 1/2-1/2

[Event "BL 1819 Hamburger SK - SV Hockenheim"]
[Site "?"]
[Date "2019.02.02"]
[Round "7.5"]
[White "Braun, Arik"]
[Black "Lampert, Jonas"]
[Result "1/2-1/2"]
[WhiteElo "2598"]
[BlackElo "2544"]
[PlyCount "63"]
[EventDate "2019.??.??"]

1. d4 d5 2. c4 c6 3. Nf3 e6 4. e3 Bd6 5. b3 b6 6. Bd3 Nf6 7. O-O Bb7 8. Nbd2
Nbd7 9. Bb2 O-O 10. Ne5 c5 11. cxd5 Bxd5 12. e4 Bb7 13. Ndc4 Be7 14. Nxd7 Nxd7
15. d5 exd5 16. exd5 Bf6 17. Rb1 g6 18. Nd6 Bxb2 19. Nxb7 Qf6 20. Bb5 Rab8 21.
Bxd7 Rxb7 22. Bc6 Re7 23. g3 Rd8 24. Kg2 Bd4 25. Rc1 Rd6 26. Qd2 Kg7 27. Rfe1
Rxe1 28. Qxe1 Qf5 29. Qe2 g5 30. h3 Rf6 31. Rf1 h5 32. f4 1/2-1/2

[Event "BL 1819 Hamburger SK - SV Hockenheim"]
[Site "?"]
[Date "2019.02.02"]
[Round "7.6"]
[White "Engel, Luis"]
[Black "Baramidze, David"]
[Result "1-0"]
[WhiteElo "2472"]
[BlackElo "2600"]
[PlyCount "87"]
[EventDate "2019.??.??"]

1. e4 e5 2. Nf3 Nc6 3. Bc4 Bc5 4. c3 Nf6 5. d3 d6 6. Nbd2 O-O 7. O-O h6 8. h3
a5 9. a4 Be6 10. Re1 Ba7 11. Qb3 Qd7 12. Nf1 Bxc4 13. Qxc4 Ne7 14. Be3 Ng6 15.
Bxa7 Rxa7 16. d4 Re8 17. Rad1 Raa8 18. dxe5 Nxe5 19. Nxe5 Rxe5 20. f4 Re7 21.
e5 Qe8 22. Ne3 dxe5 23. Nf5 Rd7 24. Nxg7 Kxg7 25. fxe5 Nd5 26. Rxd5 Qe6 27. Rd4
Qxc4 28. Rxc4 Re8 29. Re2 Rde7 30. Rce4 Kg6 31. Kf2 h5 32. Kf3 Kf5 33. Rf4+ Kg6
34. Rf6+ Kg7 35. Rf5 Kg6 36. Kf4 Rd8 37. g4 hxg4 38. Rg5+ Kh7 39. hxg4 Re6 40.
Kf5 Rh6 41. Rh5 Rxh5+ 42. gxh5 Kh6 43. Kf6 Rd7 44. Rg2 1-0

[Event "BL 1819 Hamburger SK - SV Hockenheim"]
[Site "?"]
[Date "2019.02.02"]
[Round "7.7"]
[White "Buhmann, Rainer"]
[Black "Sebastian, Dirk"]
[Result "1/2-1/2"]
[WhiteElo "2574"]
[BlackElo "2445"]
[PlyCount "115"]
[EventDate "2019.??.??"]

1. Nf3 g6 2. e4 Bg7 3. d4 d6 4. c3 Nf6 5. Bd3 O-O 6. O-O Nbd7 7. Re1 e5 8. a4
Re8 9. Nbd2 c6 10. a5 d5 11. dxe5 Nxe5 12. Nxe5 Rxe5 13. f4 Re8 14. e5 Nd7 15.
Nf3 Nc5 16. Bc2 f6 17. Be3 Ne4 18. Bd4 f5 19. Qe2 h6 20. Qe3 a6 21. b4 Qe7 22.
h3 Be6 23. Kh2 Qc7 24. Rg1 g5 25. g3 Qf7 26. Raf1 Qh5 27. Bd1 Qg6 28. Ne1 Bf8
29. Nd3 g4 30. Kg2 h5 31. Rh1 Re7 32. hxg4 hxg4 33. Nc5 Nxc5 34. Bxc5 Rf7 35.
Rh4 Rh7 36. Rxh7 Qxh7 37. Bxf8 Qh3+ 38. Kg1 d4 39. cxd4 Bd5 40. Kf2 Kxf8 41.
Ke1 Qg2 42. Be2 Rd8 43. Rg1 Qh2 44. Qf2 Qh7 45. Bd3 Ke8 46. Kd2 Bf3 47. Kc3 Qd7
48. Ra1 Kf8 49. Qe3 Ke7 50. Qf2 Kf8 51. Ra2 Bd5 52. Rb2 c5 53. bxc5 Qa4 54. Kd2
Be4 55. Qh2 Qxd4 56. Qh8+ Ke7 57. Qf6+ Ke8 58. Qe6+ 1/2-1/2

[Event "BL 1819 Hamburger SK - SV Hockenheim"]
[Site "?"]
[Date "2019.02.02"]
[Round "7.8"]
[White "Carlstedt, Jonathan"]
[Black "Wagner, Dennis"]
[Result "1-0"]
[WhiteElo "2412"]
[BlackElo "2579"]
[PlyCount "63"]
[EventDate "2019.??.??"]

1. d4 Nf6 2. Bf4 d5 3. e3 c5 4. c3 Nc6 5. Nd2 Bf5 6. Ngf3 e6 7. Bb5 Qb6 8. Qa4
a6 9. Bxc6+ Qxc6 10. Qxc6+ bxc6 11. dxc5 Bxc5 12. Nb3 Bb6 13. Nbd4 Rc8 14. Nxf5
exf5 15. Ke2 Nh5 16. Bg3 O-O 17. Rhc1 Rfe8 18. Kf1 Re4 19. Rc2 h6 20. Rd1 g5
21. Nd4 Ng7 22. Bd6 Kh7 23. Nb3 Ra4 24. a3 Rd8 25. Be5 Ne6 26. Nd4 Rc8 27. Nxf5
Bc7 28. Ne7 Re8 29. Nxc6 Rc4 30. Bxc7 Rxc6 31. Be5 Rc5 32. b4 1-0

[Event "BL 1819 SG Turm Kiel - SC Viernheim"]
[Site "?"]
[Date "2019.02.02"]
[Round "7.1"]
[White "Malakhov, Vladimir"]
[Black "Salgado Lopez, Ivan"]
[Result "1-0"]
[WhiteElo "2661"]
[BlackElo "2629"]
[PlyCount "113"]
[EventDate "2019.??.??"]

1. e4 c5 2. Nf3 e6 3. g3 Nc6 4. Bg2 Nf6 5. d3 d5 6. Nbd2 Be7 7. O-O O-O 8. Re1
b5 9. a4 b4 10. e5 Nd7 11. Nf1 b3 12. c4 dxc4 13. dxc4 Rb8 14. Bd2 Qc7 15. Bc3
Rd8 16. N1d2 Bb7 17. Qe2 Ba8 18. Red1 a5 19. h4 h6 20. h5 Bf8 21. Kh2 Be7 22.
Nb1 Nd4 23. Nxd4 cxd4 24. Bxd4 Bxg2 25. Kxg2 Nb6 26. Bxb6 Qc6+ 27. f3 Rxd1 28.
Qxd1 Qxb6 29. Nc3 Qc5 30. Qe2 Rc8 31. Kf1 Qxc4 32. Qxc4 Rxc4 33. Ke2 Bb4 34.
Kd3 Rc5 35. f4 Kf8 36. Re1 Rc7 37. Re2 Ke7 38. Nb5 Rc1 39. Nd4 Kd7 40. Rg2 Ra1
41. Kc4 Rxa4 42. Kb5 Ra2 43. Nxb3 Ke8 44. Nc1 Ra1 45. Rc2 Be1 46. g4 Bg3 47.
Nd3 Rd1 48. Rc3 a4 49. Kxa4 Bxf4 50. Nxf4 Rd4+ 51. b4 Rxf4 52. Ka5 f6 53. b5
fxe5 54. b6 Kd7 55. b7 Rf8 56. Kb6 e4 57. Rc7+ 1-0

[Event "BL 1819 SG Turm Kiel - SC Viernheim"]
[Site "?"]
[Date "2019.02.02"]
[Round "7.2"]
[White "Dziuba, Marcin"]
[Black "Kryvoruchko, Yuriy"]
[Result "1/2-1/2"]
[WhiteElo "2563"]
[BlackElo "2683"]
[PlyCount "40"]
[EventDate "2019.??.??"]

1. d4 Nf6 2. c4 e6 3. Nf3 d5 4. g3 Be7 5. Bg2 O-O 6. O-O dxc4 7. Ne5 Nc6 8.
Bxc6 bxc6 9. Nxc6 Qe8 10. Nxe7+ Qxe7 11. Qc2 c5 12. Qxc4 cxd4 13. Qxd4 e5 14.
Qh4 h6 15. Nc3 Bb7 16. Be3 Qe6 17. Rac1 Nd5 18. Nxd5 Qxd5 19. f3 Qxa2 20. Qc4
Qxc4 1/2-1/2

[Event "BL 1819 SG Turm Kiel - SC Viernheim"]
[Site "?"]
[Date "2019.02.02"]
[Round "7.3"]
[White "Anton Guijarro, David"]
[Black "Khenkin, Igor"]
[Result "1/2-1/2"]
[WhiteElo "2642"]
[BlackElo "2543"]
[PlyCount "129"]
[EventDate "2019.??.??"]

1. Nf3 d5 2. c4 d4 3. b4 f6 4. d3 e5 5. a3 a5 6. b5 Nd7 7. e3 dxe3 8. Bxe3 Nc5
9. Be2 Bd6 10. O-O Ne7 11. d4 exd4 12. Nxd4 O-O 13. Nc3 Kh8 14. Qc2 Qe8 15.
Rfd1 Qf7 16. Rab1 b6 17. Bf3 Bb7 18. Bxb7 Nxb7 19. Qa2 Nc5 20. Nd5 Nxd5 21.
cxd5 Rae8 22. Nf5 Bxh2+ 23. Kxh2 Qh5+ 24. Kg1 Qxf5 25. Bxc5 bxc5 26. Qc4 h5 27.
Qxc5 Rf7 28. Rbc1 Rd7 29. d6 Qxc5 30. Rxc5 cxd6 31. Rxh5+ Kg8 32. Rhd5 Re2 33.
Rxd6 Rxd6 34. Rxd6 Rb2 35. b6 a4 36. Rd8+ Kh7 37. Rd4 Rxb6 38. Rxa4 Rb2 39. Rb4
Ra2 40. Rb3 g5 41. g4 Kg6 42. Kg2 Rc2 43. Rb4 Rc3 44. Ra4 Rb3 45. Ra8 Rc3 46.
a4 Ra3 47. a5 Kf7 48. a6 Kg7 49. Kf1 Ra2 50. f3 Ra3 51. Ke2 Kh7 52. Kd2 Kg7 53.
Kc2 Rxf3 54. Kb2 Rf2+ 55. Kb3 Rf1 56. Rc8 Ra1 57. Rc6 f5 58. gxf5 g4 59. Kb4 g3
60. Rg6+ Kf7 61. Kb5 Rb1+ 62. Kc6 Ra1 63. Kb5 Rb1+ 64. Kc6 Ra1 65. Kb5 1/2-1/2

[Event "BL 1819 SG Turm Kiel - SC Viernheim"]
[Site "?"]
[Date "2019.02.02"]
[Round "7.4"]
[White "Jakubiec, Artur"]
[Black "Fedorchuk, Sergey A"]
[Result "1/2-1/2"]
[WhiteElo "2496"]
[BlackElo "2606"]
[PlyCount "127"]
[EventDate "2019.??.??"]

1. e4 c5 2. c3 d5 3. exd5 Qxd5 4. d4 Nf6 5. Nf3 e6 6. Na3 Nc6 7. Nb5 Qd8 8.
dxc5 Bxc5 9. Qxd8+ Kxd8 10. Bg5 Ke7 11. Rd1 h6 12. Bf4 Ne4 13. Nbd4 Nxd4 14.
Nxd4 Rd8 15. Bd3 Nf6 16. Nb3 Bd6 17. Bg3 b6 18. Nd4 Bb7 19. f3 Rac8 20. Bxd6+
Rxd6 21. Kf2 Rc5 22. Rhe1 g6 23. Nb3 Rcd5 24. Be2 Rxd1 25. Rxd1 Rxd1 26. Bxd1
e5 27. Nd2 Nd7 28. Bc2 Bd5 29. a4 f5 30. h4 Be6 31. g3 g5 32. hxg5 hxg5 33. Bd1
Nf6 34. Be2 Kd6 35. Bd1 Kc5 36. Ke3 a5 37. Kf2 Bd5 38. Bc2 Be6 39. Bd1 Bd5 40.
Bc2 Be6 41. Bd1 Bd7 42. Ke3 f4+ 43. gxf4 gxf4+ 44. Ke2 Bf5 45. Nb3+ Kd5 46. Nd2
e4 47. Bb3+ Kd6 48. fxe4 Bxe4 49. Nc4+ Kc7 50. Ne5 Bb7 51. Nd3 f3+ 52. Kf2 Kd6
53. Bd1 Be4 54. Ke3 Bxd3 55. Kxd3 f2 56. Be2 Ng4 57. Bf1 Nh2 58. Ke2 Nxf1 59.
Kxf1 Kd5 60. b3 Ke4 61. Kxf2 Kd3 62. b4 Kxc3 63. bxa5 bxa5 64. Ke3 1/2-1/2

[Event "BL 1819 SG Turm Kiel - SC Viernheim"]
[Site "?"]
[Date "2019.02.02"]
[Round "7.5"]
[White "Kovalenko, Igor"]
[Black "Hector, Jonny"]
[Result "1-0"]
[WhiteElo "2663"]
[BlackElo "2492"]
[PlyCount "77"]
[EventDate "2019.??.??"]

1. Nf3 d5 2. d4 Nf6 3. c4 c6 4. Nc3 dxc4 5. a4 Bf5 6. Ne5 Nbd7 7. Nxc4 Qc7 8.
g3 e5 9. dxe5 Nxe5 10. Bf4 Nfd7 11. Bg2 f6 12. a5 Be6 13. Nxe5 fxe5 14. Be3 Bc5
15. Qc1 O-O 16. a6 b6 17. O-O Rae8 18. b4 Bxe3 19. Qxe3 Nf6 20. Rac1 Ng4 21.
Qe4 c5 22. Qb7 Qd8 23. Rcd1 Qe7 24. bxc5 Qxc5 25. Ne4 Qb4 26. Ng5 Nf6 27. Rb1
Qe7 28. Nxe6 Qxb7 29. axb7 Rxe6 30. Rfc1 Ree8 31. Ra1 e4 32. Rxa7 Rb8 33. Bh3
Kf7 34. Rc8 Re8 35. Bf5 e3 36. f4 Ke7 37. Bxh7 Kd6 38. Bf5 b5 39. Ra8 1-0

[Event "BL 1819 SG Turm Kiel - SC Viernheim"]
[Site "?"]
[Date "2019.02.02"]
[Round "7.6"]
[White "Pakleza, Zbigniew"]
[Black "Abergel, Thal"]
[Result "1-0"]
[WhiteElo "2505"]
[BlackElo "2422"]
[PlyCount "77"]
[EventDate "2019.??.??"]

1. Nf3 d5 2. c4 d4 3. e3 Nc6 4. b4 dxe3 5. fxe3 Nxb4 6. d4 e6 7. Nc3 Nf6 8. Rb1
c6 9. a3 Na6 10. Bd3 Nd7 11. O-O Be7 12. Bc2 O-O 13. Qd3 g6 14. e4 e5 15. d5
Nac5 16. Qe2 f6 17. h4 Rf7 18. h5 Qe8 19. Be3 Na6 20. Rf2 Nf8 21. Qd2 Bxa3 22.
Rbf1 gxh5 23. Ng5 Rg7 24. Rxf6 Be7 25. R6f2 Ng6 26. Nf7 Bg4 27. Nh6+ Kh8 28.
Nf5 Bxf5 29. exf5 Nf4 30. Bxf4 exf4 31. Ne4 Bc5 32. Nxc5 Nxc5 33. Qxf4 Rg4 34.
Qh6 Qf7 35. f6 cxd5 36. cxd5 Ne4 37. Re2 Rg6 38. Qc1 Ng3 39. Re7 1-0

[Event "BL 1819 SG Turm Kiel - SC Viernheim"]
[Site "?"]
[Date "2019.02.02"]
[Round "7.7"]
[White "Meinhardt, Maximilian"]
[Black "Hoi, Carsten"]
[Result "1/2-1/2"]
[WhiteElo "2386"]
[BlackElo "2374"]
[PlyCount "47"]
[EventDate "2019.??.??"]

1. e4 g6 2. d4 Bg7 3. Nc3 d6 4. Be3 c6 5. h3 b5 6. Bd3 Nd7 7. Nf3 a6 8. Ne2
Ngf6 9. Qd2 e5 10. dxe5 dxe5 11. a4 O-O 12. axb5 cxb5 13. Ng3 Bb7 14. Bh6 Re8
15. Bxg7 Kxg7 16. O-O-O h6 17. h4 Nc5 18. h5 Rc8 19. Kb1 Ng8 20. hxg6 fxg6 21.
Rh4 b4 22. Qxb4 Qc7 23. Bc4 a5 24. Qa3 1/2-1/2

[Event "BL 1819 SG Turm Kiel - SC Viernheim"]
[Site "?"]
[Date "2019.02.02"]
[Round "7.8"]
[White "Olsen, Filip Boe"]
[Black "Heinemann, Josefine"]
[Result "1-0"]
[WhiteElo "2359"]
[BlackElo "2304"]
[PlyCount "95"]
[EventDate "2019.??.??"]

1. d4 Nf6 2. c4 g6 3. Nc3 d5 4. Bf4 Bg7 5. e3 O-O 6. Rc1 Be6 7. c5 c6 8. Bd3
Bg4 9. Qb3 b6 10. h3 Bc8 11. cxb6 axb6 12. Na4 b5 13. Nc3 Qa5 14. Nf3 Nbd7 15.
O-O b4 16. Ne2 c5 17. Qd1 c4 18. Bb1 Bb7 19. Nd2 Rfc8 20. f3 Nb6 21. e4 e6 22.
e5 Nfd7 23. Be3 Ba6 24. Rf2 Bb5 25. h4 Qa6 26. Nf1 Rc7 27. h5 Rac8 28. g4 Bf8
29. hxg6 hxg6 30. f4 c3 31. b3 Bg7 32. f5 exf5 33. gxf5 f6 34. fxg6 fxe5 35.
Neg3 e4 36. Nf5 Nf8 37. Qh5 Be8 38. Nh6+ Bxh6 39. Bxh6 Nxg6 40. Ne3 Qb5 41.
Rcf1 Qd7 42. Ng4 Rc6 43. Rg2 Qd6 44. Bg5 Nd7 45. Nh6+ Kg7 46. Nf5+ Kg8 47. Nxd6
Rxd6 48. Be7 1-0

[Event "BL 1819 SV 1920 Hofheim - SF Deizisau"]
[Site "?"]
[Date "2019.02.02"]
[Round "7.1"]
[White "Bluebaum, Matthias"]
[Black "Schroeder, Jan-Christian"]
[Result "1/2-1/2"]
[WhiteElo "2614"]
[BlackElo "2571"]
[PlyCount "58"]
[EventDate "2019.??.??"]

1. d4 d5 2. c4 e6 3. Nf3 Nf6 4. g3 Be7 5. Bg2 O-O 6. O-O dxc4 7. Qa4 a6 8. Qxc4
b5 9. Qc2 Bb7 10. Bd2 Be4 11. Qc1 c6 12. a4 Nbd7 13. Nc3 Bg6 14. Ne5 Nxe5 15.
dxe5 Nd5 16. axb5 axb5 17. Nxd5 cxd5 18. Rxa8 Qxa8 19. Qc7 Re8 20. Rc1 b4 21.
Bf3 Bf8 22. Kg2 b3 23. Rc6 Bc2 24. Bc3 g6 25. h4 h5 26. Bd4 Bb4 27. Qb6 Rb8 28.
Qc7 Ba5 29. Bb6 Bxb6 1/2-1/2